000 00630nam a2200241 i 4500
001 C2-0236727
003 PPAK
005 20180727200437.0
008 011016s2001 my |||| ||||| | may d
020 _a9838934429
040 _aPPAK
_beng
_cPPAK
_erda
082 0 4 _a899.233
_223
090 0 0 _a899.233
_bSIT
_dG
100 0 _aSiti Rozilah Jantan,
_eauthor
245 1 0 _aSoal cinta
264 1 _aKuala Lumpur :
_bCreative Enterprise ,
_c2001
300 _a327 pages ;
_c18 cm
336 _2rdacontent
_atext
337 _2rdamedia
_aunmediated
338 _2rdacarrier
_avolume
650 1 0 _aMalay fiction.
942 _ddc
_cB
999 _c52511
_d52511